[Event "London Menchik Memorial Blitz op"]
[Site "London"]
[Date "2024.09.01"]
[Round "8"]
[White "Barton, Ben"]
[Black "Gupta, Amogh"]
[Result "0-1"]
[WhiteElo "1861"]
[BlackElo "1472"]
[PlyCount "62"]
[EventDate "2024.09.01"]
[EventType "swiss (blitz)"]
[EventRounds "9"]
[EventCountry "ENG"]
[SourceTitle "CBM 221 Extra"]
[Source "ChessBase"]
[SourceDate "2024.09.30"]
[SourceVersion "1"]
[SourceVersionDate "2024.09.30"]
[SourceQuality "1"]

1. e4 c6 2. d4 d5 3. Nc3 dxe4 4. Nxe4 Nf6 5. Ng5 h6 6. Nxf7 Kxf7 7. Nf3 e6 8. Bd3 Bd6 9. 0-0 Re8 10. Nh4 Kg8 11. c3 Nd5 12. Bxh6 Qxh4 13. Bf4 Qxf4 14. g3 Qh6 15. f4 Ne3 16. Qf3 Nxf1 17. Rxf1 Nd7 18. Re1 Nf6 19. c4 Qh5 20. Qg2 Bd7 21. c5 Bc7 22. Qc2 Nd5 23. Qb3 Rab8 24. Qc2 Nb4 25. Qc4 Nxd3 26. Qxd3 Qg4 27. Qc4 Bxf4 28. Re4 Qd1+ 29. Kg2 Bh6 30. Re2 Rf8 31. a3 Qf1# 0-1

[Event "London Menchik Memorial Blitz op"]
[Site "London"]
[Date "2024.09.01"]
[Round "6"]
[White "Gupta, Amogh"]
[Black "Davies, Neil T"]
[Result "0-1"]
[WhiteElo "1472"]
[BlackElo "1868"]
[PlyCount "56"]
[EventDate "2024.09.01"]
[EventType "swiss (blitz)"]
[EventRounds "9"]
[EventCountry "ENG"]
[SourceTitle "CBM 221 Extra"]
[Source "ChessBase"]
[SourceDate "2024.09.30"]
[SourceVersion "1"]
[SourceVersionDate "2024.09.30"]
[SourceQuality "1"]

1. d4 d5 2. Bf4 e6 3. e3 Bd6 4. Bg3 Nf6 5. Nf3 c5 6. c3 Nc6 7. Bd3 0-0 8. Nbd2 cxd4 9. exd4 Ne7 10. 0-0 Nf5 11. Bxf5 exf5 12. Bxd6 Qxd6 13. Ne5 Nd7 14. Ndf3 f6 15. Nd3 b6 16. Re1 Ba6 17. Nb4 Bb7 18. a4 a5 19. Nd3 Rae8 20. Qd2 Ba6 21. h3 Re4 22. Re2 Rfe8 23. Rae1 Qe7 24. Nh2 Rxe2 25. Rxe2 Qxe2 26. Qxe2 Rxe2 27. Nf4 Re1+ 28. Nf1 Rxf1+ 0-1

[Event "London Menchik Memorial Blitz op"]
[Site "London"]
[Date "2024.09.01"]
[Round "7"]
[White "Santosh Kumar, Darsh"]
[Black "Gupta, Amogh"]
[Result "0-1"]
[WhiteElo "1593"]
[BlackElo "1472"]
[PlyCount "106"]
[EventDate "2024.09.01"]
[EventType "swiss (blitz)"]
[EventRounds "9"]
[EventCountry "ENG"]
[SourceTitle "CBM 221 Extra"]
[Source "ChessBase"]
[SourceDate "2024.09.30"]
[SourceVersion "1"]
[SourceVersionDate "2024.09.30"]
[SourceQuality "1"]

1. e4 c6 2. d4 d5 3. exd5 cxd5 4. Nf3 Nc6 5. c3 Bf5 6. Bf4 e6 7. Nbd2 Nf6 8. Be2 Bd6 9. Bxd6 Qxd6 10. Qb3 Qc7 11. 0-0 0-0 12. c4 Rfd8 13. cxd5 exd5 14. Qc3 Rac8 15. Rac1 Qe7 16. Rfe1 Qd6 17. Qc5 Qd7 18. Qa3 a6 19. Qb3 Ne4 20. Nxe4 dxe4 21. Ne5 Nxe5 22. dxe5 Be6 23. Qe3 Qd5 24. b3 Qxe5 25. Rxc8 Rxc8 26. Qb6 Qc3 27. Rd1 h6 28. Qxb7 Qc2 29. Qxa6 Bf5 30. Qa5 Qxe2 31. Rd8+ Rxd8 32. Qxd8+ Kh7 33. h3 e3 34. fxe3 Qxe3+ 35. Kh2 Be4 36. Qe7 Qf4+ 37. Kg1 Qe3+ 38. Kh2 Qe2 39. Kg3 Qxg2+ 40. Kf4 Qf3+ 41. Ke5 Qf5+ 42. Kd4 Qd5+ 43. Ke3 Bg6 44. Qb4 Qe5+ 45. Kd2 Qg5+ 46. Kc3 Qf6+ 47. Kc4 Qe6+ 48. Kd4 Qe4+ 49. Kc5 Qe5+ 50. Kb6 Qe6+ 51. Ka5 Qe5+ 52. Ka4 f6 53. a3 Be8+ 0-1